000 00532nam a2200181Ia 4500
003 GCL
008 140319s9999 xx 000 0 ara d
040 _aGCL /
_cGCL
082 0 4 _a375.1
_bع ت
100 1 _aعبدالمجيد عبدالرحيم
245 1 0 _aتدريس العلوم الفلسفية /
_cعبدالمجيد عبدالرحيم
260 _a[S.N] :
_bمكتبة النهضة المصرية
300 _a344 ص
490 _a
650 0 4 _aطرق التدريس
650 0 4 _aالفلسفة
942 _2ddc
_cBK
999 _c35010
_d35010